000 00706cam a2200253 4500
001
003
005 20220311111639.0
008 100324s2017 sp | |||| 000 f spa
020 _a9788483835586
040 _aBPMSU
_bspa
_cBPMSU
_e
082 _aCu863.6
_bP125p 2017
_222
100 1 _aPadura, Leonardo
_d1955-
245 1 0 _aPasado perfecto /
_cLeonardo Padura
250 _a11a. ed.
260 _aBarcelona :
_bMaxi Tusquets,
_c2017
300 _a232 p.;
_c19 cm
490 0 _aMario Conde
_v1
650 4 _aNovela cubana.
651 4 _aLa Habana (Cuba)
_xVida cotidiana
_vNovela.
800 1 _aPadura, Leonardo
_d1955-
_tSerie Mario Conde
_v1
910 _aVMateo V.
942 _2ddc
_cBK
999 _c14067
_d14067